000 00431nam a2200169Ia 4500
008 230524s9999 xx 000 0 und d
082 _a574.192
_bNEL
100 _aDavid L. Nelson
245 0 _aPrinciples of Bio-Chemistry ( Lehninger' )
250 _a4TH
260 _aNEW DELHI
_bW.H.Freeman
_c2005
300 _aXXV;1111
500 _aQuantity Number: 4
650 _aBiomedical
700 _a Michael M.Cox
942 _cBK
999 _c33540
_d33540